Luvina : número 52, otoño 2008 : La meta es el olvido /

Luvina, revista literaria de publicación trimestral de la Universidad de Guadalajara, es dirigida por la poeta Silvia Eugenia Castillero y comenzó a publicarse en 1996 como parte de la Revista de la Universidad de Guadalajara, hasta que se lanzó como publicación independiente. Su trayectoria la ha p...

Fuld beskrivelse

Guardado en:
Bibliografiske detaljer
Andre forfattere: Castillero, Silvia Eugenia (dirección) (dirección), Carranza, José Israel (edición) (edición)
Format: Bog
Sprog:spansk
Udgivet: Guadalajara, México : Universidad de Guadalajara, 2008, c2008
Serier:(Luvina ; 52)
Fag:
Tags: Tilføj Tag
Ingen Tags, Vær først til at tagge denne postø!

MARC

LEADER 00000nam^a2200000^a^4500
001 000630071
005 20260413000000.0
009 20260413195718.611
022 |a 1665-1340 
037 |a Acervo ITESO - Biblioteca 
041 |a ESP 
082 |a 805.  |b LUV V. 52 
240 1 1 |a [Luvina: Revista Literaria] 
245 0 0 |a Luvina :  |b número 52, otoño 2008 : La meta es el olvido /  |c Dir. de S.E. Castillero ; ed. de J.I. Carranza. 
264 4 |a Guadalajara, México :  |b Universidad de Guadalajara,  |c 2008, c2008 
300 |a 149 p., 16 láminas 
336 |a texto  |b txt  |2 rdacontenido 
337 |a sin mediación  |b n  |2 rdamedio 
338 |a volumen  |b nc  |2 rdasoporte 
440 1 |a (Luvina ;  |v 52) 
520 |a Luvina, revista literaria de publicación trimestral de la Universidad de Guadalajara, es dirigida por la poeta Silvia Eugenia Castillero y comenzó a publicarse en 1996 como parte de la Revista de la Universidad de Guadalajara, hasta que se lanzó como publicación independiente. Su trayectoria la ha posicionado como una de las publicaciones periódicas de literatura más relevantes de México, ya que en ella colaboran escritores, intelectuales y artistas de la lengua española. 
567 |a Catalogación rápida 
649 |a XX 
650 |a Literatura -  |x Publicaciones Periódicas -  |x Tema Principal 
650 |a Publicaciones Periódicas Jaliscienses 
650 |a Publicaciones Periódicas Mexicanas 
650 |a Publicaciones Periódicas 
700 |a Castillero, Silvia Eugenia  |e (dirección) 
700 |a Carranza, José Israel  |e (edición) 
910 |a Fondo Castillo-Martínez 
920 |a Impresos - Libros 
930 |a Fondos Especiales 
940 |a Literatura 
905 |a 127 
901 |a 630404-10  |b IT2  |c ESP  |i D126128  |u 20260413 
902 |a https://opac.biblio.iteso.mx/vufind/Record/000630071